Bài giảng kỹ thuật xay xát

Đã lưu trong:
Bibliografiske detaljer
Hovedforfatter: Trần Văn Nhã
Format: Bog
Sprog:Undetermined
Udgivet: Cần Thơ Trường Đại Học Cần Thơ - Khoa Công Nghệ 1999
Fag:
Tags: Tilføj Tag
Ingen Tags, Vær først til at tagge denne postø!
Thư viện lưu trữ: Trung tâm Học liệu Trường Đại học Cần Thơ
LEADER 00583nam a2200169Ia 4500
001 CTU_34878
008 210402s9999 xx 000 0 und d
082 |a 621.8207 
082 |b Nh100gt 
100 |a Trần Văn Nhã 
245 0 |a Bài giảng kỹ thuật xay xát 
245 0 |c Trần Văn Nhã 
260 |a Cần Thơ 
260 |b Trường Đại Học Cần Thơ - Khoa Công Nghệ 
260 |c 1999 
650 |a agricultural machinery,machine design,machine parts,mechanical engineering 
980 |a Trung tâm Học liệu Trường Đại học Cần Thơ